Perception of the State Crisis Communication Elements by Entrepreneurs in the Tourism Sector in the Slovak Republic

Krízová komunikácia je účinným nástrojom na predchádzanie alebo zmierňovanie negatívnych dopadov krízy. Jeho cieľom je reagovať na reputačné alebo mimoriadne udalosti a musí byť jasné, empatické, zrozumiteľné a konzistentné. Cieľom príspevku je zistiť vplyv veľkostnej kategórie podnikateľov v cestov...

Full description

Saved in:
Bibliographic Details
Main Author: Čakanišin, Adrián, 1997-
Other Authors: Harcsová, Henrieta, 1998-
Format: Book Chapter
Language:English
Subjects:
Tags: Add Tag
No Tags, Be the first to tag this record!

MARC

LEADER 00000naa$a2200000$$$4500
001 0306440
005 20250123120041.7
041 0 |a eng 
044 |a SK 
245 1 0 |a Perception of the State Crisis Communication Elements by Entrepreneurs in the Tourism Sector in the Slovak Republic  |c Adrián Čakanišin, Henrieta Harcsová 
520 |a Krízová komunikácia je účinným nástrojom na predchádzanie alebo zmierňovanie negatívnych dopadov krízy. Jeho cieľom je reagovať na reputačné alebo mimoriadne udalosti a musí byť jasné, empatické, zrozumiteľné a konzistentné. Cieľom príspevku je zistiť vplyv veľkostnej kategórie podnikateľov v cestovnom ruchu na vnímanie vybraných prvkov krízovej komunikácie v SR. Všetky testované nulové hypotézy boli zamietnuté na základe výsledkov lineárnej regresnej analýzy. Môžeme povedať, že veľkostná kategória podnikov cestovného ruchu nemá vplyv na vnímanie vybraných prvkov krízovej komunikácie. Možno však konštatovať, že predbežné výsledky dotazníkového prieskumu ukazujú, že stakeholderi cestovného ruchu súhlasia so skúmaním prvkov krízovej komunikácie, hoci medzi týmito údajmi neexistuje štatisticky významný vzťah. 
610 2 0 |a ruch cestovný 
610 2 0 |a kríza 
610 2 0 |a Slovensko 
610 2 0 |a komunikácia 
100 1 |a Čakanišin, Adrián, 1997- 
700 1 |a Harcsová, Henrieta, 1998-